| 000 | 00639pam a2200217 a 4500 | ||
|---|---|---|---|
| 008 | |||
| 020 | _a0408052724 (pbk.) | ||
| 049 | _aMAIN | ||
| 050 | 0 | 0 | _aTS192 DUN |
| 100 | 1 | _aDunlop, C. L. | |
| 245 | 1 | 2 |
_aA practical guide to maintenance engineering / _cC.L. Dunlop. |
| 250 | _aButterworth international ed. | ||
| 260 |
_aLondon ; _aBoston : _bButterworths, _c1990. |
||
| 300 |
_a173 p. : _bill. ; _c31 cm. |
||
| 650 | 0 |
_aIndustrial equipment _xMaintenance and repair. |
|
| 907 |
_a.b10226862 _b25-01-07 _c25-01-07 |
||
| 003 | |||
| 005 | 20230123134341.0 | ||
| 040 | _cNUST | ||
| 942 | _cBOOKS | ||
| 999 |
_c164392 _d164392 |
||